000 00598nam a2200181Ia 4500
008 090123s9999 xx 000 0 und d
082 _b36371
_a891.463/तिबिले
100 _aतिबिले अनंत दत्तत्रय
245 _aविकृत
250 _a1
260 _bमंगलदिप प्रकाशन
_c2004
300 _a149
600 _aतिबिले अनंत दत्तत्रय
630 _aविकृत
700 _aतिबिले अनंत दत्तत्रय
730 _aविकृत
942 _cBOOK
999 _c74439
_d74439